| 000 | 02175nam a2200421 a 4500 | ||
|---|---|---|---|
| 001 | ebr10211312 | ||
| 003 | CaPaEBR | ||
| 006 | m u | ||
| 007 | cr cn||||||||| | ||
| 008 | 060912s2007 enka sb 001 0 eng | ||
| 010 | _z 2006030024 | ||
| 015 |
_aGBA702594 _2bnb |
||
| 016 | 7 |
_z013639717 _2Uk |
|
| 020 | _z9780754656074 (alk. paper) | ||
| 020 | _z0754656071 (alk. paper) | ||
| 040 |
_aCaPaEBR _cCaPaEBR |
||
| 035 | _a(OCoLC)648340214 | ||
| 043 | _ae-fr--- | ||
| 050 | 1 | 4 |
_aHD5775 _b.P47 2007eb |
| 082 | 0 | 4 |
_a331.13/7094409043 _222 |
| 100 | 1 |
_aPerry, Matt, _d1967- |
|
| 245 | 1 | 0 |
_aPrisoners of want _h[electronic resource] : _bthe experience and protest of the unemployed in France, 1921-45 / _cMatt Perry. |
| 260 |
_aAldershot, England ; _aBurlington, VT : _bAshgate, _cc2007. |
||
| 300 |
_axiv, 296 p. : _bill. |
||
| 490 | 1 | _aStudies in labour history | |
| 504 | _aIncludes bibliographical references (p. [267]-284) and index. | ||
| 505 | 0 | _aThe experience of unemployment in France between the wars -- Movements of the unemployed in the 1920s -- The Parisian unemployed movement, 1930-33 -- Early regional unemployed movements, 1931-33 -- The Lille to Paris hunger march -- After the hunger march : the rising militancy of the unemployed in 1934 -- The coming of the Popular Front and the unemployed movements -- The Popular Front government and the unemployed -- Unemployment and the war years, 1940-45. | |
| 533 |
_aElectronic reproduction. _bPalo Alto, Calif. : _cebrary, _d2013. _nAvailable via World Wide Web. _nAccess may be limited to ebrary affiliated libraries. |
||
| 610 | 2 | 0 |
_aFront populaire _xHistory _y20th century. |
| 610 | 2 | 0 |
_aParti communiste fran�cais _xHistory _y20th century. |
| 650 | 0 |
_aUnemployed _zFrance _xHistory _y20th century. |
|
| 650 | 0 |
_aManpower policy _zFrance _xHistory _y20th century. |
|
| 650 | 0 |
_aLabor movement _zFrance _xHistory _y20th century. |
|
| 655 | 7 |
_aElectronic books. _2local |
|
| 710 | 2 | _aebrary, Inc. | |
| 830 | 0 | _aStudies in labour history (Ashgate (Firm)) | |
| 856 | 4 | 0 |
_uhttp://site.ebrary.com/lib/rucke/Doc?id=10211312 _zAn electronic book accessible through the World Wide Web; click to view |
| 999 |
_c124760 _d124760 |
||